Ultimate Gossip Girl Character Quiz - Statistics

General Stats
  • This quiz has been taken 2,396 times
  • The average score is 36 of 76
Answer Stats
Clue Character % Correct
Queen of Constance, best friend of SVDW. Blair Waldorf
100%
Blonde, legs for days, best friend of character above. Serena van der Woodsen
100%
Star-crossed lover of Queen B, owner of the Empire hotel. Chuck Bass
99%
Known by Gossip Girl as "Lonely Boy", dated both of the above characters. Dan Humphrey
99%
Younger sister of above Lonely Boy, nicknamed "Little J". Jenny Humphrey
99%
Childhood best friend of Lonely Boy, lived in Vermont before moving to Brooklyn. Vanessa Abrams
97%
Father of Lonely Boy and Little J, married Serena's mother. Rufus Humphrey
96%
Mother of SVDW, has had multiple marriages. Lily van der Woodsen
95%
Father of CB, fakes his own death. Bart Bass
91%
Owns 'The Spectator', lives in the Empire with Chuck. Nate Archibald
91%
Frenemy of main characters, was Gossip Girl for a short period of time. Georgina Sparks
84%
Actor portraying Charlie Rhodes, dates Lonely Boy's dad for awhile. Ivy Dickens
81%
Brother to SVDW, bff's with Little J. Eric van der Woodsen
79%
BW's step-father, works as an entertainment lawyer. Cyrus Rose
78%
BW's mother, creator of Waldorf Designs. Eleanor Waldorf
77%
BW's first husband, prince of Monaco. Louis Grimaldi
77%
Grandfather of Nate, always tries to plan out both his grandsons path to success. William van der Bilt
74%
Father of SVDW, works as a doctor. William van der Woodsen
74%
Chuck's uncle, tried to steal Bass industries multiple times. Jack Bass
73%
Leaves his elite lifestyle to travel around the world, later helps Serena find her father. Carter Baizen
72%
Lovable housemaid for the Waldorf's, cares for Blair endlessly. Dorota Kishlovsky
69%
Blair and Chuck's son. Henry Bass
60%
Serena's aunt, faked her daughters identity to get access to her trust fund. Carol Rhodes
59%
Serena's grandmother, died of cancer. CeCe Rhodes
58%
Cousin of Nate, had a fling with SVDW. Tripp van der Bilt
55%
Is one of BW's minions at Constance and becomes one of B's minions again at Columbia. Penelope Shafai
54%
Originally is bullied by BW at Constance, becomes a Women's Wear Daily reporter. Nelly Yuki
53%
Serena's actual cousin, goes to Julliard. Lola Rhodes
52%
Son of BW's step-father, dated Serena for a small amount of time. Aaron Rose
51%
Drug dealer that dates Little J, also knew SVDW when she went to boarding school. Damien Dalgaard
50%
Original owner of 'The Spectator', had a fling with Nate. Diana Payne
50%
Attempts to ruin Serena's life after she allegedly put her brother in jail. Juliet Sharp
50%
Was arrested for allegedly statutory raping SVDW, then ended up dating her. Ben Donovan
49%
Socialite/model that is friends with SVDW until she steals money from all of Serena's mothers friends by getting them to invest in a fake business. Poppy Lifton
47%
Mother of Lonely Boy and Little J. Alison Humphrey
45%
Famous movie star, goes to NYU, dates Dan for a short time. Olivia Burke
45%
Saves CB after he gets shot, then goes back to New York with him and dates him for a few months before heading back to Paris. Eva Coupeau
44%
Chuck's dog. Monkey
44%
The van der Woodsen's doorman, married to the Waldorf's housemaid. Vonya
43%
Originally presumed dead, biological mother of Chuck Bass. Elizabeth Fisher
39%
Daughter of Bart Bass's rival, dates Chuck for a short amount of time. Raina Thorpe
35%
Lovechild of Lily and Rufus that was put up for adoption at birth. Scott Rosson
35%
BW's actual father, ran off to Paris with one of his ex-wife's male models. Harold Waldorf
34%
Mother of Nate, originally a van der Bilt. Anne Archibald
33%
Blair's step-father that is married to her dad. Roman Garrel
33%
Bart Bass's rival, his wife died in a fire caused by him in his attempt to kill Bart. Russell Thorpe
32%
Originally boyfriend of Serena's socialite friend, ends up apparently getting married to Serena in Spain. Gabriel Edwards
31%
One of Blair's minions at Constance, best friend with Blair's other minion. Isabel Coates
30%
Wife of Nate's cousin before they got separated. Maureen van der Bilt
30%
Sister of BW's first husband, tries to steal her brother's throne. Beatrice Grimaldi
29%
Married women that has affair with Nate, blackmails him into staying with her. Catherine Beaton
29%
Daughter of one of Serena's boyfriends, dated Nate. Sage Spence
29%
Serena's college professor, quits his job so that he can date her. Colin Forrester
28%
Teacher at Constance that has a short-lived relationship with Dan Humphrey. Rachel Carr
28%
A model friend of Little J's that tries to sabotage her career by burning her dresses and again by drugging her during a fashion show. Agnes Andrews
26%
One of Blair's minions at Constance, born in Israel, is best friends with BW's other minion Isabel. Kati Farkas
26%
Dates Nate, despite their families rivalry, to find out the location of Carter Baizen. Bree Buckley
25%
One of BW's boyfriends that she initially dates to make Chuck jealous, but the she finds out the he is a British Lord and falls for him. Marcus Beaton
25%
Father of Nate, was arrested for embezzlement. Howard Archibald
24%
Princess of Monaco, mother of BW's first husband. Sophie Grimaldi
23%
SVDW's boyfriend, his daughter did not like Serena and attempted to break them up many times. Steven Spence
23%
Daughter of the Waldorf's Housemaid and the van der Woodsen's doorman. Anastasia
21%
Private investigator for the Bass family. Andrew Tyler
20%
Headmistress of Constance Billiard. Headmistress Queller
20%
Blair's blonde-haired minion at Columbia University. Jessica Leitenberg
18%
One of BW's later minions, Little J stole a dress from this girls mom and pawned it. Hazel Williams
17%
Mother of Lonely Boy's childhood best friend. Gabriela Abrams
16%
Georgina's husband helps her scheme and supports her. Philip Becker
13%
Boyfriend of Little J that ends up being gay and starts dating her step-brother. Asher Hornsby
12%
Eric's first boyfriend, Little J pours frozen yogurt on his head when he sits above her on the Met steps. Jonathon Whitney
12%
Lonely Boy's former book publicist, had a short fling with Chuck Bass. Alessandra Steele
10%
Son of the Waldorf's housemaid and the van der Woodsen's doorman. Leo
10%
Dan and Blair's boss at W magazine during their internship. Epperly
8%
Student at NYU, gets Dan into the Tisch writing program, then tries to kiss him. Willa Weinstein
6%
Appears in flashback episode of Lily's past. Helps her find her sister and there seems to be sparks between him and Lily. Owen Campos
4%
Orginally tries to be friends with Jenny, but when turned down she consults with Eric and together make a plan to take Jenny down. Kira Abernathy
3%
No matching quizzes found
Score Distribution
Percent of People with Each Score
Percentile by Number Answered
Your Score History
You have not taken this quiz